|
|
|
|
| LEADER |
00000nam1a2200000 4500 |
| 001 |
148825 |
| 005 |
20231031145611.0 |
| 010 |
|
|
|a 5279005975
|
| 020 |
|
|
|a RU
|b 91-44625
|
| 035 |
|
|
|a (RuTPU)RU\TPU\book\161357
|
| 090 |
|
|
|a 148825
|
| 100 |
|
|
|a 20081209d1991 km y0rusy5003 ca
|
| 101 |
0 |
|
|a rus
|
| 200 |
1 |
|
|a Иностранные инвестиции в СССР: вопросы финансового регулирования
|f С. Ю. Евстратов, Н. Б. Козлов, А. И. Кузнецов
|
| 210 |
|
|
|a Москва
|c Финансы и статистика
|d 1991
|
| 215 |
|
|
|a 158,[1] с.
|d 20 см
|
| 333 |
|
|
|a Исключено из фонда НТБ ТПУ
|
| 700 |
|
1 |
|a Евстратов
|b С. Ю.
|g Сергей Юрьевич
|4 070
|
| 701 |
|
1 |
|a Козлов
|b Н. Б.
|g Николай Борисович
|
| 701 |
|
1 |
|a Кузнецов
|b А. В.
|g Андрей Викторович
|
| 801 |
|
0 |
|a RU
|b RuMRKP
|c 19950417
|g psbo
|
| 801 |
|
1 |
|a RU
|b 63413507
|c 20081209
|g PSBO
|
| 801 |
|
2 |
|a RU
|b 63413507
|c 20170123
|g PSBO
|
| 942 |
|
|
|c BK
|